| 000 | 01445nam a2200301 i 4500 | ||
|---|---|---|---|
| 003 | DO-SdBNP | ||
| 005 | 20260303090148.0 | ||
| 007 | ta | ||
| 008 | 210922b2016 dr o|||| |||| 00| 0 eng d | ||
| 020 | _a97899455869230 | ||
| 040 |
_aDO-SdBNP _bspa _cBNPHU _erda |
||
| 082 | 4 |
_a972.9304 _bA185p _222 |
|
| 100 | 1 |
_aAcosta Matos, Eliades, _d1959- _eautor _974479 |
|
| 245 | 1 | 3 |
_aEl proceso restaurador visto desde Cuba : _bsu impacto político y en la Guerra de Independencia cubana (1868-1878) / |
| 264 | 1 |
_aSanto Domingo : _bArchivo General de la Nación, _c2016. |
|
| 300 |
_a44 páginas ; _c23 cm. |
||
| 336 |
_2rdacontent _atexto _btxt |
||
| 337 |
_2rdamedia _asin mediación _bn |
||
| 338 |
_2rdacarrier _avolumen _bnc |
||
| 490 | 1 |
_aArchivo General de la Nación ; _v295 |
|
| 504 | _aIncluye bibliografías | ||
| 505 | _aEl proceso restaurador visto desde Cuba. Su impacto político y en la Guerra de Independencia cubana (1868-1878), 9.-- El proceso de la Anexión en la geopolítica del Caribe, 12.-- Las Reservas dominicanas y el futuro de Cuba, 17.-- Santiago de Cuba, la retaguardia española y los ecos de su derrota, 25.-- Los primeros maestros de la guerra redentora en Cuba, 31.-- Anexos, 43 | ||
| 590 | _aInventariado, 2023/ DG | ||
| 651 | 4 |
_aRepública Dominicana _xHistoria _yGuerra de la Restauración 1863-1865 _984016 |
|
| 651 | 4 |
_aCuba _xHistoria _zGuerra de independencia 1868-1878 _984017 |
|
| 910 | _aDG | ||
| 942 |
_2ddc _cLF2 |
||
| 999 |
_c54535 _d54535 |
||